|
|
|
|
| LEADER |
00000nab a2200000 a 4500 |
| 001 |
vtls008408339 |
| 003 |
SK-MaSNL |
| 005 |
20260305005526.0 |
| 008 |
250505c2005 xo |||||||ab 000 b|slo |
| 015 |
|
|
|a SNBRB2005/11
|2 snkbucl
|
| 035 |
|
|
|a (uuid)9828aba3-842e-4348-beda-6bea5996b541
|
| 035 |
|
|
|a urn:nbn:sk:snk-abvo8
|
| 035 |
|
|
|a (urnnbn)urn:nbn:sk:snk:ar-0035a4
|
| 038 |
|
|
|a SNKBUCL
|
| 040 |
|
|
|a SNKBUCL
|b slo
|c SNKBUCL
|e AACR2
|
| 041 |
0 |
|
|a cze
|b eng
|
| 044 |
|
|
|a xo
|c SK
|
| 080 |
|
|
|a 930.253
|x (437.1/.2)
|2 1997
|
| 080 |
|
|
|a 351.746.1:930.253
|x (437.1/.2)
|2 1997
|
| 100 |
1 |
|
|a Schovánek, Radek,
|d 1964-
|4 aut
|9 492986
|
| 245 |
1 |
0 |
|a Zpřístupňování svazku Státní bezpečnosti v České republice
|c Radek Schovánek
|
| 300 |
|
|
|b Fotogr.
|
| 500 |
|
|
|a Res. prel. Peter Matijek
|
| 504 |
|
|
|a Bibliogr. odkazy a pozn.
|
| 546 |
|
|
|a Res. angl.
|
| 610 |
1 |
7 |
|a Československo.
|b Štátna bezpečnosť
|2 snkbucl
|9 165034
|
| 650 |
0 |
7 |
|a dokumenty
|2 snkbucl
|9 21311
|
| 650 |
0 |
7 |
|a sprístupňovanie dokumentov
|2 snkbucl
|9 240306
|
| 651 |
|
7 |
|a Česko
|2 snkbucl
|9 16753
|
| 700 |
1 |
|
|a Matijek, Peter,
|d 1979-
|4 trl
|9 117580
|
| 773 |
0 |
|
|t Pamäť národa
|g Č. 2 (2005), s. 85-87
|x 1336-6297
|
| 850 |
|
|
|a Slovenská národná knižnica
|
| 852 |
|
|
|a Slovenská národná knižnica
|
| 856 |
4 |
1 |
|u http://www.upn.gov.sk/data/publikacie/pamat-naroda/pamat-naroda-02-2005.pdf
|
| 954 |
|
|
|a odborná, vedecká literatúra pôvodná (slovenská)
|2 lita
|
| 954 |
|
|
|a odborná, vedecká literatúra cudzojazyčná (svetová)
|2 lita
|
| 958 |
|
|
|a article27
|
| 958 |
|
|
|a NB
|
| 958 |
|
|
|a CZ
|
| 958 |
|
|
|a OND
|
| 958 |
|
|
|a EUIPO
|
| 999 |
|
|
|c 3240959
|d 3242889
|